[Event "Duisburg Grossenbaum op"]
[Site "Duisburg"]
[Date "2004.05.31"]
[Round "7"]
[White "Fietz, Dieter"]
[Black "Sachs, Thomas"]
[Result "1/2-1/2"]
[WhiteElo "1601"]
[BlackElo "1928"]
[PlyCount "140"]
[EventDate "2004.05.28"]
[EventType "swiss"]
[EventRounds "7"]
[EventCountry "GER"]
[SourceTitle "EXT 2006"]
[Source "ChessBase"]
[SourceDate "2005.11.24"]
[SourceVersion "1"]
[SourceVersionDate "2005.11.24"]
[SourceQuality "1"]

1. e4 c6 2. Nc3 d5 3. Nf3 Bg4 4. h3 Bh5 5. exd5 cxd5 6. Bb5+ Nc6 7. g4 Bg6 8. Ne5 Rc8 9. h4 f6 10. Nxg6 hxg6 11. Qf3 e6 12. h5 gxh5 13. Rxh5 Rxh5 14. gxh5 a6 15. h6 Nxh6 16. Qh5+ Nf7 17. Ba4 b5 18. Bb3 Qd6 19. Qh3 Ng5 20. Qh5+ Nf7 21. Qh3 Qe5+ 22. Kf1 Ng5 23. Qg4 Qh2 24. Bxd5 Ne5 25. Qg2 Qxg2+ 26. Bxg2 Nef3 27. d3 b4 28. Ne4 Rxc2 29. Nxg5 Nxg5 30. f4 Nf7 31. Be3 Bc5 32. Rc1 Rxc1+ 33. Bxc1 e5 34. Ke2 Bd4 35. b3 Kd7 36. Bd5 Nd6 37. Kf3 a5 38. a3 exf4 39. axb4 axb4 40. Bxf4 Ne8 41. Ke4 Bc3 42. Kf5 g5 43. Bg3 Ke7 44. Bc4 Ng7+ 45. Kg6 Ne6 46. Kf5 Nd4+ 47. Ke4 f5+ 48. Kd5 f4 49. Bf2 Nf5 50. d4 Nd6 51. Be2 Ne8 52. Kc6 Nf6 53. d5 Ne4 54. d6+ Nxd6 55. Bc5 Ke6 56. Bxd6 Kf5 57. Kd5 g4 58. Bd3+ Kg5 59. Be7+ Kh5 60. Ke4 Bd2 61. Kf5 f3 62. Bc4 g3 63. Bf7+ Kh6 64. Bg6 Kg7 65. Bf6+ Kf8 66. Bd4 Bc3 67. Bc5+ Kg7 68. Bh5 f2 69. Bxf2 gxf2 70. Be2 Kf7 1/2-1/2

[Event "Duisburg Grossenbaum op"]
[Site "Duisburg"]
[Date "2004.05.30"]
[Round "5"]
[White "Fietz, Dieter"]
[Black "Breuer, Marian"]
[Result "1-0"]
[WhiteElo "1601"]
[BlackElo "1844"]
[PlyCount "49"]
[EventDate "2004.05.28"]
[EventType "swiss"]
[EventRounds "7"]
[EventCountry "GER"]
[SourceTitle "EXT 2006"]
[Source "ChessBase"]
[SourceDate "2005.11.24"]
[SourceVersion "1"]
[SourceVersionDate "2005.11.24"]
[SourceQuality "1"]

1. e4 c5 2. Nc3 Nc6 3. f4 g6 4. Nf3 Bg7 5. Bc4 d6 6. 0-0 e6 7. d3 Nge7 8. Qe1 0-0 9. Qh4 Nd4 10. Bb3 Nec6 11. Qg3 b5 12. Nxd4 Nxd4 13. Kh1 a5 14. a4 Nxb3 15. cxb3 bxa4 16. bxa4 Rb8 17. e5 Ba6 18. Ne4 dxe5 19. Nxc5 exf4 20. Bxf4 Rb6 21. Bc7 Qd4 22. Bxb6 Be5 23. Qf2 Qxf2 24. Rxf2 Bd4 25. Rc2 1-0

[Event "Duisburg Grossenbaum op"]
[Site "Duisburg"]
[Date "2004.05.29"]
[Round "3"]
[White "Fietz, Dieter"]
[Black "Grabowski, Marian"]
[Result "1-0"]
[WhiteElo "1601"]
[BlackElo "1337"]
[PlyCount "89"]
[EventDate "2004.05.28"]
[EventType "swiss"]
[EventRounds "7"]
[EventCountry "GER"]
[SourceTitle "EXT 2006"]
[Source "ChessBase"]
[SourceDate "2005.11.24"]
[SourceVersion "1"]
[SourceVersionDate "2005.11.24"]
[SourceQuality "1"]

1. e4 e6 2. Qe2 Nc6 3. Nf3 e5 4. g3 Nf6 5. Bg2 Bc5 6. 0-0 0-0 7. c3 d6 8. d3 h6 9. Qc2 Bg4 10. Nbd2 Qd7 11. Nc4 Bh3 12. Ne3 Rad8 13. b4 Bb6 14. a4 a6 15. Nc4 Ba7 16. b5 Ne7 17. Na5 axb5 18. axb5 Bxg2 19. Kxg2 Qxb5 20. c4 Qa6 21. Nb3 Qb6 22. Be3 c5 23. Rfb1 Ra8 24. Nxc5 Qc6 25. Rxa7 Rxa7 26. Ne6 fxe6 27. Bxa7 Ng4 28. h3 Nf6 29. Rb6 Qc7 30. Qb3 Nc8 31. Rxb7 Qc6 32. Be3 d5 33. cxd5 exd5 34. Nxe5 Qd6 35. Ng6 Rf7 36. Rxf7 Kxf7 37. e5 Qc6 38. exf6 Kxg6 39. fxg7 Kxg7 40. d4 Ne7 41. Bf4 Nf5 42. Be5+ Kg6 43. Qd3 Kg5 44. f4+ Kh5 45. Qxf5# 1-0

[Event "Solingen op"]
[Site "Solingen"]
[Date "2000.10.14"]
[Round "4"]
[White "Pfeiffer, Michael"]
[Black "Fietz, Dieter"]
[Result "0-1"]
[WhiteElo "1873"]
[BlackElo "1503"]
[PlyCount "62"]
[EventDate "2000.09.08"]
[EventType "swiss"]
[EventRounds "7"]
[EventCountry "GER"]
[SourceTitle "EXT 2005"]
[Source "ChessBase"]
[SourceDate "2004.11.15"]
[SourceVersion "1"]
[SourceVersionDate "2004.11.15"]
[SourceQuality "1"]

1. d4 Nf6 2. c4 e6 3. Nc3 b6 4. e4 Bb7 5. Bd3 Bb4 6. Qe2 Nc6 7. Nf3 Bxc3+ 8. bxc3 d6 9. 0-0 Qd7 10. h3 0-0-0 11. Be3 h6 12. a4 g5 13. Nd2 Rdg8 14. Nb3 a5 15. c5 dxc5 16. dxc5 Ne5 17. Ba6 g4 18. Bxb7+ Kxb7 19. hxg4 Rxg4 20. cxb6 cxb6 21. f3 Rxg2+ 22. Qxg2 Rg8 23. Qxg8 Nxg8 24. Rab1 Kc8 25. Bxb6 Qd3 26. Nd4 Nf6 27. Rbd1 Qe3+ 28. Kg2 Ng6 29. Rde1 Nf4+ 30. Kh1 Qd2 31. Rg1 Qf2 0-1